00798cam a22001574a 4500020002800000020001800028050001800046245008800064260005500152300002600207440004700233500002000280505029700300700002300597700002000620 a0830814841 (alk. paper) a978083081484800aBS1560b.T87 04aThe Twelve Prophets /cedited by Alberto Ferreiro ; general editor, Thomas C. Oden. aDowners Grove, Ill. :bInterVarsity Press,cc2003. axxv, 366 p. ;c27 cm. 0aAncient Christian commentary on Scripture. aIncludes index. aIntroduction to the twelve propheets Commentary on Hosea Commentary on Joel Commentary on Amos Commentary on Obadiah Commentary on Jonah Commentary on Micah Commentary on Nahum Commentary on Habakkuk Commentary on Zephaniah Commentary on Haggai Commentary on Zechariah Commentary on Malachi 1 aFerreiro, Alberto.1 aOden, Thomas C.